| 000 | 00690nam a22001817a 4500 | ||
|---|---|---|---|
| 999 |
_c14879 _d14879 |
||
| 003 | OSt | ||
| 082 | _2631.3 NAV/MO | ||
| 088 | _aT 392 | ||
| 100 |
_aNAVEEN B.V _93948 |
||
| 245 | _aModification and Testing of Tractor Operated KAU Banana Sucker Uprooting Machine | ||
| 260 |
_aTavanur 2017 _bDEPARTMENT OF FARM POWER, MACHINERY AND ENERGY |
||
| 300 | _a105 | ||
| 500 | _aModification and Testing of Tractor Operated KAU Banana Sucker Uprooting Machine | ||
| 520 | _aModification and Testing of Tractor Operated KAU Banana Sucker Uprooting Machine | ||
| 700 |
_aDr. Jayan P. R (Guide) _93380 |
||
| 856 | _uhttps://drive.google.com/open?id=1gW_1I3LuDflKISQQyMntaGpv2hoeCmNG | ||
| 942 | _cTH | ||